Statistics for Health and Wellness quiz 2

Click here to take the quiz!

General Stats

  • This quiz has been taken 20 times
    (15 since last reset)
  • The average score is 6 of 53

Answer Stats

HintAnswer% Correct
uncontrolled/abnormal cell growthCancer
79%
what is the most dangerous type of skin cancer?melanoma
79%
the study of cancerOncology
79%
the removal of tissues to study pathogensbiopsy
57%
what is the test to find breast cancer?mammogram
36%
HIV
29%
inject
29%
basal
21%
herpes
21%
what does psa stand for?prostate specific antigen
21%
what is a mass of tissues that serves no purpose?Tumor
21%
anal
14%
Which kind of tumor stays put?benign
14%
HPV
14%
Malaria
14%
which tumor spreads around and is dangerous?malignant
14%
prescription
14%
squamous
14%
opioids
7%
2 different colors
0%
assymetry
0%
cannabinoids
0%
chlamidia
0%
diameter
0%
downers
0%
gonnorhea
0%
hallucinogens
0%
HEP A,B,C
0%
huff
0%
inhale
0%
inhalents
0%
if breast cancer is found what is the next step?mastectomy
0%
the process of spreading cancer (metasticized)Medastasis
0%
oral cavity
0%
otc
0%
categories/types of drugsotc
0%
name 5 infectious diseasesotc
0%
types of skin cancerotc
0%
ways to take drugsotc
0%
how can you tell skin cancer?otc
0%
examples of std-virusotc
0%
Examples of STD-bacteriaotc
0%
3 legal classifications of drugsotc
0%
what test looks for pre-cancer cellular changes?papsmere
0%
exam cells under microscopepathologist
0%
PID
0%
Pneumonia
0%
scheduled
0%
snort
0%
Strep
0%
syhilis
0%
uneven
0%
uppers
0%

Score Distribution

Percentile by Number Answered

Percent of People with Each Score

Your Score History

You have not taken this quiz since the last reset